书目信息 |
| 题名: |
巴赫金文论核心话语研究
|
|
| 作者: | 周启超 著 | |
| 分册: | ||
| 出版信息: | 北京 北京大学出版社 2024.12 |
|
| 页数: | 265页 | |
| 开本: | 23cm | |
| 丛书名: | ||
| 单 册: | ||
| 中图分类: | I512.065 | |
| 科图分类: | ||
| 主题词: | ||
| 电子资源: | ||
| ISBN: | 978-7-301-35954-9 | |
| 000 | 00903nam0 2200241 450 | |
| 001 | 013625347 | |
| 005 | 20251022142656.83 | |
| 010 | @a978-7-301-35954-9@dCNY98.00 | |
| 100 | @a20250526d2024 em y0chiy0120 ea | |
| 101 | 0 | @achi |
| 102 | @aCN@b110000 | |
| 105 | @ay z 000yy | |
| 106 | @ar | |
| 200 | 1 | @a巴赫金文论核心话语研究@9ba he jin wen lun he xin hua yu yan jiu@f周启超著 |
| 210 | @a北京@c北京大学出版社@d2024.12 | |
| 215 | @a265页@d23cm | |
| 300 | @a“浙江大学文科精品力作出版资助计划项目”资助 | |
| 330 | @a本书基于巴赫金的“文本观”与“话语论”、世界文学与比较文学理念与实践,直接进入对巴赫金文论的核心话语(“复调”“对话”“狂欢化”“多声部”“外位性”)的阐析。 | |
| 600 | 0 | @a巴赫金@c(Bakhtin, Mikhail Mikhailovich@f1895-1975)@x文学研究 |
| 690 | @aI512.065@v5 | |
| 701 | 0 | @a周启超@9zhou qi chao@4著 |
| 801 | 0 | @aCN@c20250909 |
| 905 | @a河南城建学院图书馆@dI512.065@eB032@ZB032@f1 | |
| 巴赫金文论核心话语研究/周启超著.-北京:北京大学出版社,2024.12 |
| 265页;23cm |
| “浙江大学文科精品力作出版资助计划项目”资助 |
| ISBN 978-7-301-35954-9:CNY98.00 |
| 本书基于巴赫金的“文本观”与“话语论”、世界文学与比较文学理念与实践,直接进入对巴赫金文论的核心话语(“复调”“对话”“狂欢化”“多声部”“外位性”)的阐析。 |
| ● |
| 相关链接 |
|
|
|
正题名:巴赫金文论核心话语研究
索取号:I512.065/B032
 
预约/预借
| 序号 | 登录号 | 条形码 | 馆藏地/架位号 | 状态 | 备注 |
| 1 | 1632114 | 216321148 | 文学库116/116文学库 16排1列6层/ [索取号:I512.065/B032] | 在馆 |